Plastics and industrial design / (Record no. 72631)

MARC details
000 -LEADER
campo de control de longitud fija 00607nam a2200181 i 4500
001 - NÚMERO DE CONTROL
campo de control 72631
003 - IDENTIFICADOR DE NÚMERO DE CONTROL
campo de control ES-MaACL
005 - FECHA Y HORA DE LA ÚLTIMA TRANSACCIÓN
campo de control 20230906171511.0
007 - CAMPO FIJO DE DESCRIPCIÓN FÍSICA--INFORMACIÓN GENERAL
campo de control de longitud fija t|
008 - DATOS DE LONGITUD FIJA--INFORMACIÓN GENERAL
campo de control de longitud fija 040902s1945 xxk ||||1| eng d
100 1# - ENTRADA PRINCIPAL--NOMBRE DE PERSONA
Nombre de persona Gloag, John.
9 (RLIN) 57442
245 10 - MENCIÓN DEL TÍTULO
Título Plastics and industrial design /
Mención de responsabilidad, etc. by John Gloag ; with a section on the different types of plastic by Grace Lovat Fraser.
250 ## - MENCION DE EDICION
Mención de edición 2nd imp.
260 ## - PUBLICACIÓN, DISTRIBUCIÓN, ETC.
Lugar de publicación, distribución, etc. London :
Nombre del editor, distribuidor, etc. George Allen and Huwin,
Fecha de publicación, distribución, etc. [1945] (
Fabricante W. S. Cowell)
300 ## - DESCRIPCIÓN FÍSICA
Extensión 166 p., 48 lám. :
Otras características físicas il. ;
Dimensiones 22 cm.
700 1# - ENTRADA AGREGADA--NOMBRE PERSONAL
Nombre de persona Fraser, Grace Lovat.
9 (RLIN) 52377
852 ## - LOCALIZACIÓN
Ubicación ES-MaACL
Número de control de estantería C-4118
Sublocalización o colección R.23785
Holdings
Estatus retirado Estado de pérdida Estado de daño No para préstamo Biblioteca de origen Biblioteca actual Ubicación en estantería Fecha de adquisición Fuente de adquisición Total de préstamos Signatura topográfica completa Código de barras Visto por última vez Precio de reemplazo Tipo de ítem Koha
        Biblioteca del Ateneo de Madrid Biblioteca del Ateneo de Madrid Sala Palomar 17/01/2008     C-4118 1076034 23/02/2023 23/02/2023 Libro impreso